| 000 | 00748cam a22002534a 4500 | ||
|---|---|---|---|
| 001 | 14108904 | ||
| 005 | 20161231095228.0 | ||
| 008 | 050915s2006 nyu b 001 0 eng | ||
| 020 | _a0060532459 | ||
| 020 | _a9780060532451 | ||
| 040 | _cPK-LaUMT | ||
| 082 | 0 | 0 |
_a155.9370852 _222 _bEDE-M |
| 100 | 1 | _aEdelman, Hope | |
| 245 | 1 | 0 |
_aMotherless mothers : _bhow mother loss shapes the parents we become / _cHope Edelman |
| 260 |
_aNew York : _bHarperCollins Publishers, _c2006 |
||
| 300 |
_axxxiii, 410 p. ; _c24 cm. |
||
| 650 | 0 |
_aMothers _xPsychology. |
|
| 650 | 0 |
_aAdult children _xPsychology. |
|
| 650 | 0 | _aMaternal deprivation. | |
| 650 | 0 | _aLoss (Psychology) | |
| 650 | 0 | _aMothers and daughters. | |
| 650 | 0 | _aMotherhood. | |
| 942 | _cBK | ||
| 999 |
_c89588 _d89588 |
||